Capitals Without the Letters of “Georgetown” - Statistics

General Stats
  • This quiz has been taken 5 times
  • The average score is 12 of 17
Answer Stats
Continents Capitals % Correct
Africa Abuja
100%
Asia Damascus
100%
Asia Dili
100%
South America Lima
100%
Oceania Suva
100%
Asia Abu Dhabi
75%
Africa Addis Ababa
75%
Oceania Apia
75%
Asia Baku
75%
Asia Dhaka
75%
Africa Juba
75%
Africa Lusaka
75%
Asia Islamabad
50%
Asia Kabul
50%
Europe Vaduz
50%
Africa Kampala
25%
Africa Bissau
0%
No matching quizzes found
Score Distribution
Percent of People with Each Score
Percentile by Number Answered
Your Score History
You have not taken this quiz